000 00256nam a22000857a 4500
008 160706b xxu||||| |||| 00| 0 eng d
100 _92380
_aVerma. et.al
245 _aUpkar's Ever Latest General Knowledge
_bCurrent Affairs Who's who
260 _aAgra
_bUpkar
_c2013
999 _c2057
_d2057